Engaging the word : (Record no. 104484)

MARC details
000 -LEADER
fixed length control field 00571nam a22001817a 4500
005 - DATE AND TIME OF LATEST TRANSACTION
control field 20161206102015.0
010 ## - LCCN (DPL NO)
LC control number ENG-116322
020 ## - INTERNATIONAL STANDARD BOOK NUMBER
International Standard Book Number 9780199458325
Terms of availability 995.00
035 ## - SYSTEM CONTROL NUMBER
System control number EN-99854
037 ## - SOURCE OF ACQUISITION
Source of stock number/acquisition DBAD/PUB
082 04 - DEWEY DECIMAL CLASSIFICATION NUMBER
Classification number 324.54
245 04 - TITLE STATEMENT
Title Engaging the word :
Statement of responsibility, etc edited by Sumit Ganguly
Remainder of title Indian forengn policy sinc 1947 /
260 ## - PUBLICATION, DISTRIBUTION, ETC. (IMPRINT)
Place of publication, distribution, etc New Delhi
Name of publisher, distributor, etc Oxford University Press
Date of publication, distribution, etc 2016
270 ## - ADDRESS
Address YMCA Library Building, 1Jai Singh Road
City New Delhi
Postal code 110001
300 ## - PHYSICAL DESCRIPTION
Extent xvi,522p.
Dimensions 21cm(Hb)
700 ## - ADDED ENTRY--PERSONAL NAME
Dates associated with a name Ganguly,
942 ## - ADDED ENTRY ELEMENTS (KOHA)
Source of classification or shelving scheme Dewey Decimal Classification
Item type English Books
Classification part 327.54
Call number suffix GAN
Holdings
Withdrawn status Lost status Not for loan Collection code Home library Current library Date acquired Source of acquisition Cost, normal purchase price Full call number Barcode Copy number Cost, replacement price Koha item type
    Not For Loan Non-fiction D.B.Act.Division Bawana 07/11/2016 EN-99854 995.00 327.54 GAN EN-99854 1 995.00 English Books

© Delhi Public Library
Hit Counter
free hit counter